00894nam a2200253 a 450000100060000000300080000600500170001400800410003103500190007204000320009104100080012308200250013110000290015624500640018526000560024930000280030550000260033350400320035965000270039165100410041894200120045999900170047195201520048846259BD-RjUL20211209054128.0160801s1943 enk 000 0 eng  a(BD-RjUL)46377 aDLCcITDdEQOdBD-RjULbeng aeng a330.94223bRAS 19431 aRaud, Villibald.914128914aThe smaller nations in world's economic life /cby V. Raud. aLondon :bP. S. King and Staples, limited,c[1943?] a36 p. :bill. ;c22 cm. aErrata slip inserted. aBibliographical foot-notes. 0aStates, Small.9132090 0aEuropexEconomic conditions.9141290 2ddccBK c46259d46259 00102ddc40708NFICaRUCLbRUCLcStackd1961-11-13eDr. Anwar Iqbal, Rajshahig1.60l0o330.94 RAS 1943r2016-08-01 00:00:00tC-2w2016-08-01yBK